Statistiques concernant Clan Uzumaki :Naruto

Cliquez ici pour prendre le quiz!

Statistiques générales

  • Ce quiz a été pris 901 fois
  • Le résultat moyen est 4 sur 5

Statistiques - réponses

clan Uzumaki% Correct
Naruto
100%
Kushina
93%
Karin
84%
Nagato
77%
Mito
57%

Distribution des résultats

Percentile par nombre de réponses

% des personnes avec chaque résultat

Votre développement - résultats

Vous n’avez pas pris ce quiz